LEADER 01007cam1 22002411 450 001 SOBE00073528 005 20221020065553.0 100 $a20221018g18641865|||||ita|0103 ba 101 $aita 102 $aIT 200 1 $aCrestomazia italiana, cioè scelta di luoghi insigni o per sentimento o per locuzione raccolti dagli scritti italiani di autori eccellenti di ogni secolo$fper cura di Giacomo Leopardi 210 $aPalermo$cGiuseppe Pedone Lauriel e Co.$d1864-1865 215 $a2 volumi in 4$d19 cm 463 1$1001SOBE00073530$12000 $a<<1: >>Crestomazia prosaica / per cura di Giacomo Leopardi 463 1$1001SOBE00073569$12000 $a<<2: >>Crestomazia poetica / per cura di Giacomo Leopardi 500 10$aCrestomazia italiana$3SOBA00025603$9142397 700 1$aLeopardi$b, Giacomo <1798-1837>$3AF00006808$4070$0292683 801 0$aIT$bUNISOB$c20221020$gRICA 912 $aSOBE00073528 940 $aM 102 Monografia moderna SBN 941 $aM 996 $aCrestomazia italiana$9142397 997 $aUNISOB LEADER 01142nam0 22003011i 450 001 UON00217280 005 20231205103359.444 010 $a84-376-1371-X 100 $a20030730d1998 |0itac50 ba 101 $aspa 102 $aES 105 $a|||| ||||| 200 1 $aAzul... ; Cantos de vida y esperanza$fRubén Darío$gedición de José María Martínez 210 $a2a ed 215 $aMadrid$cCátedra, c1998.n - 466 p.$d18 cm. 410 1$1001UON00172753$12001 $aLetras Hispánicas$1210 $aMadrid$cCátedra$v403 606 $aLetteratura spagnola$3UONC060988$2FI 620 $aES$dMadrid$3UONL000218 676 $a860$cLetteratura spagnola$v21 700 1$aDarío$bRubén$3UONV123686$0193816 702 1$aMARTíNEZ$bJosé María$3UONV131652 712 $aCátedra$3UONV266175$4650 801 $aIT$bSOL$c20250627$gRICA 899 $aSIBA - SISTEMA BIBLIOTECARIO DI ATENEO$2UONSI 912 $aUON00217280 950 $aSIBA - SISTEMA BIBLIOTECARIO DI ATENEO$dSI SPA 8 L.H. 0403 $eSI LO 65213 5 0403 996 $aAzul$9208762 997 $aUNIOR